Statistiche per Sud Europa bandiera Quiz

Clicka qui per fare il quiz!

Statistiche generali

  • Questo quiz è stato fatto 200 volte
  • Il punteggio medio è 14 su 16

Statistiche sulle risposte

Risposta% Corretto
Spagna
100%
Portogallo
99%
Italia
97%
Albania
93%
Macedonia
92%
San Marino
92%
Città del Vaticano
91%
Croazia
91%
Grecia
91%
Andorra
86%
Slovenia
85%
Bosnia ed Erzegovina
84%
Kosovo
84%
Montenegro
83%
Serbia
83%
Malta
81%

Distribuzione punteggi

Percentile per numero di risposta

Percentuale di utenti per punteggio

I tuoi punteggi nel tempo

Non hai fatto questo quiz